Catálogo

El marxismo en América Latina : (Registro nro. 28268)

Detalles MARC
000 -LEADER
fixed length control field 01476nam a2200385 i 4500
001 - CONTROL NUMBER
control field 28268
003 - CONTROL NUMBER IDENTIFIER
control field Mx-PuUPA
005 - DATE AND TIME OF LATEST TRANSACTION
control field 20250605092916.0
008 - FIXED-LENGTH DATA ELEMENTS--GENERAL INFORMATION
fixed length control field 140415s1982 mx gr 001 0 spa d
020 ## - INTERNATIONAL STANDARD BOOK NUMBER
International Standard Book Number 9684110863
040 ## - CATALOGING SOURCE
Transcribing agency Mx-PuUPA
Original cataloging agency Mx-PuUPA
Language of cataloging spa
Modifying agency Mx-PuUPA
Description conventions rda
041 1# - LANGUAGE CODE
Language code of text/sound track or separate title spa
Language code of original fre
043 ## - GEOGRAPHIC AREA CODE
Geographic area code cl-----
240 13 - UNIFORM TITLE
Uniform title Le marxisme en Amérique Latine.
Language of a work Español
245 13 - TITLE STATEMENT
Title El marxismo en América Latina :
Remainder of title (de 1909 a nuestro días). Antología /
Statement of responsibility, etc. Michael Löwy ; traducción del francés, Óscar Barahona y Uxoa Doyhamboure
250 ## - EDITION STATEMENT
Edition statement Primera edición /
Remainder of edition statement en español
264 #1 - PRODUCTION, PUBLICATION, DISTRIBUTION, MANUFACTURE, AND COPYRIGHT NOTICE
Place of production, publication, distribution, manufacture México, D.F. :
Name of producer, publisher, distributor, manufacturer Ediciones Era,
Date of production, publication, distribution, manufacture, or copyright notice 1982
300 ## - PHYSICAL DESCRIPTION
Extent 430 páginas ;
Dimensions 20 cm
336 ## - CONTENT TYPE
Fuente rdacontent
Content type term texto
Content type code txt
337 ## - MEDIA TYPE
Source rdamedia
Media type term sin medio
Media type code n
338 ## - CARRIER TYPE
Source rdacarrier
Carrier type term volumen
Carrier type code nc
490 0# - SERIES STATEMENT
Series statement El hombre y su tiempo
650 #7 - SUBJECT ADDED ENTRY--TOPICAL TERM
Source of heading or term armarc
Topical term or geographic name entry element Comunismo
Geographic subdivision América Latina
General subdivision Historia
650 #7 - SUBJECT ADDED ENTRY--TOPICAL TERM
Source of heading or term armarc
Topical term or geographic name entry element Socialismo
Geographic subdivision América Latina
General subdivision Historia
650 #7 - SUBJECT ADDED ENTRY--TOPICAL TERM
Source of heading or term armarc
Topical term or geographic name entry element Marxismo
Geographic subdivision América Latina
651 ## - SUBJECT ADDED ENTRY--GEOGRAPHIC NAME
Geographic name América
General subdivision Política y gobierno
Chronological subdivision 1830-948
700 1# - ADDED ENTRY--PERSONAL NAME
Personal name Löwy, Michael,
Relator term compilador
700 1# - ADDED ENTRY--PERSONAL NAME
Personal name Barahona, Óscara,
Relator term traductor
700 1# - ADDED ENTRY--PERSONAL NAME
Personal name Doyhamboure, Uxoa,
Relator term traductor
765 ## - ORIGINAL LANGUAGE ENTRY
Main entry heading Löwy, Michael
Title Le marxisme en Amérique Latine
Place, publisher, and date of publication París : Librairie François Maspero, ©1980
942 ## - ADDED ENTRY ELEMENTS (KOHA)
Source of classification or shelving scheme Dewey Decimal Classification
Koha item type Libro
Classification part E4818
Existencias
Withdrawn status Lost status Source of classification or shelving scheme Damaged status Not for loan Collection code Home library Current library Shelving location Date acquired Source of acquisition Cost, normal purchase price Total Checkouts Full call number Barcode Date last seen Cost, replacement price Price effective from Koha item type
    Dewey Decimal Classification     General Biblioteca Karol Wojtyla Biblioteca Karol Wojtyla Sala general 01/01/2022 Donación 0.00   324.170980904 E4818 1982 62685 05/01/2026 0.00 03/12/2013 Libro